| 000 | nam a22 7a 4500 | ||
|---|---|---|---|
| 999 |
_c27611 _d27611 |
||
| 008 | 170209b xxu||||| |||| 00| 0 eng d | ||
| 020 | _a9780697152480 | ||
| 050 | _aGV 443 .K57 1995 | ||
| 100 |
_aKirchner, Glenn. _d1995 |
||
| 245 |
_aPhysical education for elementary school children/ _cGlenn Kirchner, Graham J. Fishburne. |
||
| 250 | _a9th ed. | ||
| 260 |
_aUSA: _bBrown & benchmark publishers, _c1995. |
||
| 300 |
_axv, 620p.: _bill.; _c28cm. |
||
| 521 | _aIncludes bibliographical references and index. | ||
| 650 | _aPhysical education for children. | ||
| 700 | _aFishburne, Graham J. | ||
| 942 |
_2lcc _cBOOKS _hGV 443 .K57 1995 |
||